|
|
|
|
| LEADER |
00000nam0a2200000 4500 |
| 001 |
317863 |
| 005 |
20231102003022.0 |
| 035 |
|
|
|a (RuTPU)RU\TPU\book\343331
|
| 090 |
|
|
|a 317863
|
| 100 |
|
|
|a 20160414d1965 km y0rusy50 ca
|
| 101 |
0 |
|
|a rus
|
| 102 |
|
|
|a RU
|
| 105 |
|
|
|a a z 001zy
|
| 200 |
1 |
|
|a Химия ниобия и тантала
|f Я. Г. Горощенко
|g Академия наук Украинской ССР (АН УССР), Институт общей и неорганической химии
|
| 210 |
|
|
|a Киев
|c Наукова думка
|d 1965
|
| 215 |
|
|
|a 483 с.
|c ил.
|
| 320 |
|
|
|a Библиография в конце глав
|
| 606 |
1 |
|
|a Ниобий
|x Химия
|2 stltpush
|3 (RuTPU)RU\TPU\subj\46266
|9 65432
|
| 610 |
1 |
|
|a тантал
|
| 610 |
1 |
|
|a получение
|
| 610 |
1 |
|
|a применение
|
| 610 |
1 |
|
|a свойства
|
| 610 |
1 |
|
|a окислы
|
| 610 |
1 |
|
|a гидроокиси
|
| 610 |
1 |
|
|a ниобаты
|
| 610 |
1 |
|
|a танталаты
|
| 610 |
1 |
|
|a галогениды
|
| 610 |
1 |
|
|a сульфаты
|
| 610 |
1 |
|
|a селенаты
|
| 610 |
1 |
|
|a электролитическое восстановление
|
| 610 |
1 |
|
|a аналитическая химия
|
| 675 |
|
|
|a 546.88
|v 4
|
| 700 |
|
1 |
|a Горощенко
|b Я. Г.
|g Яков Гаврилович
|
| 712 |
0 |
2 |
|a Академия наук Украинской ССР (АН УССР)
|b Институт общей и неорганической химии
|2 stltpush
|3 (RuTPU)RU\TPU\col\11826
|
| 801 |
|
1 |
|a RU
|b 63413507
|c 20160414
|
| 801 |
|
2 |
|a RU
|b 63413507
|c 20180301
|g RCR
|
| 942 |
|
|
|c BK
|